00915nam a2200205Ia 4500008004100000020003000041040000900071082001600080100004900096245009000145250001600235260002800251300002400279504003700303942001200340999001700352952009400369952012300463952012300586210804s9999 xx 000 0 und d a9781446255971"qpaperback c3228 a150.72 HASL aHaslam , Alexander SaMcgarty, Craig9130627 0aResearch methods and statistics in Pyschology/cAlexander S Haslam and Craig Mcgartly a2nd edition aLos AngelesbSAGEc2014 a523 pages. ;e23 cm 6Includes bibliiography and index cBK2ddc c50727d50726 00102ddc4070aRIVELbRIVELd2022-03-03l0p33228031011779r2022-03-03w2022-03-03yBK  00102ddc40708100aKAMHLbKAMHLcNon_Fictiond2024-08-19l0o150.72 HASLp3322803179730r2024-08-19w2024-08-19yBK 00102ddc40708100aPERDLbPERDLcGENd2025-10-21g870.00l0o150.72 HASLp3004200002380r2025-10-21w2025-10-21yBK